| 000 | 00537nam a22002057a 4500 | ||
|---|---|---|---|
| 003 | OSt | ||
| 005 | 20140310182921.0 | ||
| 008 | 130129t xxu||||| |||| 00| 0 eng d | ||
| 020 | _a9715550975 | ||
| 050 |
_aPL 6054 _b.F745 1995 |
||
| 082 |
_aFIL 499.211 _b.F745 1995 |
||
| 245 |
_aPulitika ng wika _cFortunato, Teresita F. |
||
| 260 |
_aManila _bDe La Salle University Press _c1995 |
||
| 300 |
_a162 p. _c22 cm. |
||
| 521 | _acollege students | ||
| 526 | _c1210L-1700L | ||
| 541 | _j1 | ||
| 562 | _e1 | ||
| 942 |
_2lcc _cBK _kFIL |
||
| 999 |
_c17346 _d17346 |
||